Squid Game Characters by BAD DESCRIPTION - Statistics

General Stats
  • This quiz has been taken 299 times
  • The average score is 9 of 15
Answer Stats
Hint Answer % Correct
“Main character with infinite plot armor and hates his daughter”- asian summarizer 456
99%
His friend who turned to his enemy, but not outright evil. Super original, guus 218
86%
Girl who died because of freaking glass and is kinda cool 067
83%
Pakistani guy who died because he got tricked and was friend to previous people. 199
81%
Fan favorite with purple hair and played by a rapper. It’s obvious as heckleburg. 230
78%
His friend who had PTSD and SOLD during episode 7. However he’s good 388
77%
Guy who sold $HAWK coin to all his fans and was hated, had a girlfriend but I only want 15 answers 333
75%
Her “boyfriend” he abandoned her and they had a rivalry. He’s a gangster 101
74%
Crazy lady from season one who skipped an entire game cuz no one liked her 212
71%
Annoying crybaby who didn’t save his crush during Lights Out. Terrible 125
67%
His friend who turned into vulture meat by his other friend and SANG does 456 have some buddies 390
64%
Aforementioned girl’s friend who also died and had a terrible childhood. 240
53%
The worst characters in the show. Absolutely infuriating and made it 10x worse Vips
13%
His friend who turned evil but not like the previous one, they were shouting brainrot during Penta 001(In-Ho)
6%
456’s friend who turned out to be evil and was old 001(Il Nam)
4%
No matching quizzes found
Score Distribution
Percent of People with Each Score
Percentile by Number Answered
Your Score History
You have not taken this quiz